| 000 | 00547pam a2200193 a 4500 | ||
|---|---|---|---|
| 020 | _a0867200243 : | ||
| 020 | _a0867200251 (pbk.) : | ||
| 040 | _cDLC | ||
| 082 | 0 | 0 | _a589 JOS 1983 A062 Or. |
| 100 | 1 | _aSonea, Sorin. | |
| 245 | 1 | 2 | _aA new bacteriology / |
| 260 |
_aBoston, Mass. : _bJones and Bartlett, _cc1983. |
||
| 300 |
_ax, 140 p. ; _c24 cm. |
||
| 500 | _aTranslation and revision of: Introduction à la nouvelle bactériologie. | ||
| 500 | _aIncludes index. | ||
| 650 | 0 | _aBacteriology. | |
| 700 | 1 | _aPanisset, Maurice. | |
| 942 | _cEK | ||
| 999 |
_c15229 _d15229 |
||